Statistics for Svenska Oscarsvinnare

Click here to take the quiz!

General Stats

  • This quiz has been taken 37 times
    (3 since last reset)
  • The average score is 8 of 17

Answer Stats

PristagareFör% Correct
Alicia VikanderBästa kvinnliga biroll: The Danish girl (2016)
100%
Ingmar BergmanBästa utländska film: Jungfrukällan (1961), Såsom i en spegel (1962), Fanny och Alexander (1984)
100%
Ingrid BergmanBästa kvinnliga huvudroll: Gasljus (1945), Anastasia (1957); Bästa kvinnliga biroll: Mordet på Orientexpressen (1975)
100%
Greta GarboHeders-Oscar (1954)
67%
Ludwig GöranssonBästa filmmusik: Black Panther (2019), Oppenheimer (2024)
67%
Anna AspBästa scenografi: Fanny och Alexander (1984)
33%
Arne SucksdorffBästa kortfilm: Människor i stad (1949)
33%
Linus SandgrenBästa foto: La la land (2017)
33%
Malik BendjelloulBästa dokumentär: Searching for Sugar Man (2013)
33%
Marik Vos-LundhBästa kostym: Fanny och Alexander (1984)
33%
Olle NordemarBästa dokumentär: Kon-Tiki (1951)
33%
Paul OttossonBästa ljud: The hurt locker (2010); Bästa ljudredigering: The hurt locker (2010), Zero dark thirty (2013)
33%
Per HallbergBästa ljudredigering: Braveheart (1996), The Bourne ultimatum (2008), Skyfall (2013)
33%
Susanne LingheimBästa scenografi: Fanny och Alexander (1984)
33%
Sven NykvistBästa foto: Viskningar och rop (1974), Fanny och Alexander (1984)
33%
Tom RolfBästa klippning: Rätta virket (1984)
33%
Ulla-Britt SöderlundBästa kostym: Barry Lyndon (1976)
33%

Score Distribution

Percentile by Number Answered

Percent of People with Each Score

Your Score History

You have not taken this quiz since the last reset